Philippine Geography Quiz - Statistics

General Stats
  • This quiz has been taken 13 times
  • The average score is 2 of 12
Answer Stats
Hint Answer % Correct
Island where the famous Chocolate Hills is located Bohol
83%
The longest mountain range in Philippines located in eastern Luzon Sierra Madre
67%
The tallest mountain in Philippines located in the south Apo, Mount Apo, Bundok Apo
0%
The Summer Capital of the Philippines Baguio, Baguio City
0%
Famous rice fields in the mountainous region of Luzon Banaue, Banaue Rice Terraces, Hagdang-hagdang Palayan
0%
A famous island for tourists for its white beach Boracay, Boracay Island
0%
An island in the Philippines that is called the land of the howling winds, and also known as the cyclone/typhoon capital Catanduanes, Catanduanes Island, Isla Catandungan
0%
Perfect cone shape mountain and volcano Mayon, Mount Mayon, Mayon Volcano, Bulkang Mayon
0%
Philippines is along this ring related to earthquakes and cyclones Pacific Ring of Fire, Ring of Fire
0%
It erupted in the 1991 that caused massive damage and environmental effects Pinatubo, Mount Pinatubo, Bulkang Pinatubo
0%
One of the smallest volcano in the world, and in the middle of a lake Taal, Taal Volcano, Bulkang Taal
0%
Southernmost province in the Philippines Tawi tawi, Tawi-tawi
0%
No matching quizzes found
Score Distribution
Percent of People with Each Score
Percentile by Number Answered
Your Score History
You have not taken this quiz